| 000 | 00882nam a22003017a 4500 | ||
|---|---|---|---|
| 001 | BR8704353 | ||
| 003 | BR-BrBNA | ||
| 005 | 20230928092703.0 | ||
| 007 | ta | ||
| 008 | 230509b bl.||||| |||| 00| 0 por d | ||
| 040 |
_aBR-BrBNA _bpor _cBiblioteca Nacional de Agricultura |
||
| 041 | _a(Por) | ||
| 072 |
_aF01; L01 _b/G514 |
||
| 090 | _ F01 BR8704353 | ||
| 110 | 1 |
_aDelegacia Federal de Agricultura na Paraiba, Joao Pessoa (Brasil) _93094 |
|
| 245 | 1 | _aRelatorio de avaliacao do desempenho fisico e financeiro dos projetos/atividades. Primeiro trimestre de 1983 | |
| 260 | 3 |
_aJoao Pessoa, PB (Brasil): _c1983. |
|
| 300 | _a17 p. | ||
| 500 | _a26 tables | ||
| 650 | _aPROJETO AGRICOLA | ||
| 650 | _aAGRICULTURA | ||
| 650 | _aPECUARIA | ||
| 650 | _aPRODUCAO | ||
| 650 | _aABASTECIMENTO | ||
| 650 | _aPARAIBA | ||
| 909 |
_a202309 _bLucia _c55 _dLucia Elande |
||
| 942 | _cBK | ||
| 999 |
_c40613 _d40613 |
||